[Event "Open Hradec Kralove 2018"]
[Site "Hradec Kralove"]
[Date "2018.10.01"]
[Round "2"]
[White "Kraus, Ondrej"]
[Black "Seemann, Jakub"]
[Result "0-1"]
[WhiteElo "1943"]
[BlackElo "1789"]
[PlyCount "58"]
[EventDate "2018.09.30"]

1. e4 c5 2. Nc3 d6 3. g3 Nc6 4. Bg2 g6 5. d3 Bg7 6. Nge2 Nf6 7. O-O O-O 8. h3
Nd4 9. Be3 Ne8 10. Qd2 Nc7 11. a4 Rb8 12. Nf4 f5 13. Ncd5 e5 14. Nxc7 exf4 15.
Bxd4 Bxd4 16. Nb5 fxe4 17. gxf4 Qh4 18. Nxd4 cxd4 19. dxe4 Bxh3 20. Bxh3 Qxh3
21. Ra3 Qg4+ 22. Rg3 Qxf4 23. Qxd4 Rbe8 24. Re1 Re5 25. Kg2 d5 26. Qxa7 Rxe4
27. Rf1 Re2 28. Kg1 Rxc2 29. Qxb7 Rxf2 0-1

[Event "Open Hradec Kralove 2018"]
[Site "Hradec Kralove"]
[Date "2018.10.01"]
[Round "2"]
[White "Valenti, Richard"]
[Black "Landsmannova, Marie"]
[Result "1/2-1/2"]
[WhiteElo "2037"]
[BlackElo "1251"]
[PlyCount "41"]
[EventDate "2018.09.30"]

1. Nf3 d5 2. g3 Nf6 3. Bg2 c5 4. O-O Nc6 5. d3 Bf5 6. Nbd2 e6 7. c3 Be7 8. Qe1
O-O 9. Nh4 Bg6 10. Nxg6 fxg6 11. e4 Qc7 12. Nf3 Bd6 13. Qe2 d4 14. Ng5 Rae8 15.
Bh3 Nd8 16. f4 e5 17. cxd4 cxd4 18. fxe5 Bxe5 19. Nf3 Bd6 20. b3 Nh5 21. Bb2
1/2-1/2

[Event "Open Hradec Kralove 2018"]
[Site "Hradec Kralove"]
[Date "2018.10.01"]
[Round "2"]
[White "Voriskova, Anna"]
[Black "Portych, Vaclav"]
[Result "1/2-1/2"]
[WhiteElo "1563"]
[BlackElo "1865"]
[PlyCount "71"]
[EventDate "2018.09.30"]

1. e4 c5 2. Nf3 d6 3. Bb5+ Nc6 4. O-O g6 5. Re1 Bg7 6. h3 Bd7 7. c3 a6 8. Bf1
Nf6 9. d4 O-O 10. Bf4 Rc8 11. Qd2 cxd4 12. cxd4 Qb6 13. Nc3 Rfd8 14. Bh2 Ne8
15. Rad1 Nf6 16. Nd5 Nxd5 17. exd5 Nb4 18. Rxe7 Nxd5 19. Ree1 Bf5 20. Rc1 Rxc1
21. Rxc1 Nf6 22. b3 Ne4 23. Qb2 Bh6 24. Re1 Qc6 25. Bd3 Rc8 26. Nh4 Bc1 27.
Nxf5 gxf5 28. Bxe4 Bxb2 29. Bxc6 Rxc6 30. d5 Rc5 31. Rd1 Be5 32. Bxe5 dxe5 33.
d6 Rc8 34. f4 exf4 35. Kf2 Kg7 36. Kf3 1/2-1/2

[Event "Open Hradec Kralove 2018"]
[Site "Hradec Kralove"]
[Date "2018.10.01"]
[Round "2"]
[White "Vitova, Anna"]
[Black "Fiala, Jan"]
[Result "1-0"]
[WhiteElo "1734"]
[BlackElo "1548"]
[PlyCount "57"]
[EventDate "2018.09.30"]

1. e4 e5 2. Nf3 Nc6 3. Bc4 Bc5 4. c3 Nf6 5. d4 exd4 6. cxd4 Bb4+ 7. Nc3 Nxe4 8.
O-O Bxc3 9. d5 Bf6 10. dxc6 O-O 11. Re1 Nd6 12. cxb7 Bxb7 13. Bd3 Re8 14. Rxe8+
Qxe8 15. Qc2 Bxf3 16. gxf3 Qe1+ 17. Kg2 c6 18. Bxh7+ Kh8 19. Bd3 Qb4 20. Rb1
Be5 21. Be3 Qh4 22. h3 Bd4 23. Qa4 Bf6 24. Qa5 Bd8 25. Qe5 Qf6 26. Qh5+ Kg8 27.
Qh7+ Kf8 28. Qh8+ Ke7 29. Re1 1-0

[Event "Open Hradec Kralove 2018"]
[Site "Hradec Kralove"]
[Date "2018.10.01"]
[Round "2"]
[White "Macek, Jaroslav"]
[Black "Vacek, Jaroslav"]
[Result "1/2-1/2"]
[WhiteElo "1368"]
[BlackElo "1661"]
[PlyCount "59"]
[EventDate "2018.09.30"]

1. e4 e5 2. Nf3 d6 3. d4 Bg4 4. dxe5 Bxf3 5. Qxf3 dxe5 6. Bc4 Qf6 7. Qb3 b6 8.
Nc3 Bc5 9. O-O Ne7 10. Nd5 Nxd5 11. Bxd5 c6 12. Bc4 O-O 13. Be3 Nd7 14. Bxc5
Nxc5 15. Qe3 Ne6 16. Rad1 b5 17. Bb3 Nd4 18. Rd3 Rfd8 19. Rfd1 a5 20. a4 Nxb3
21. cxb3 Rxd3 22. Rxd3 g6 23. Qc5 Rd8 24. Qc3 b4 25. Qc4 Rxd3 26. Qxd3 Qe7 27.
Qc4 Qd6 28. f3 Qd4+ 29. Kf1 Qxb2 30. Qxc6 1/2-1/2

[Event "Open Hradec Kralove 2018"]
[Site "Hradec Kralove"]
[Date "2018.10.02"]
[Round "3"]
[White "Plischki, Sebastian"]
[Black "Ouaret, Abdelouhab"]
[Result "1/2-1/2"]
[WhiteElo "2430"]
[BlackElo "2094"]
[PlyCount "118"]
[EventDate "2018.09.30"]

1. d4 d5 2. c4 c6 3. Nf3 Nf6 4. e3 e6 5. b3 Be7 6. Bd3 Nbd7 7. O-O O-O 8. Bb2
b6 9. Nc3 Bb7 10. Qe2 Re8 11. Rad1 Qc7 12. e4 dxe4 13. Nxe4 Nxe4 14. Qxe4 Nf8
15. Rfe1 Bf6 16. Ne5 Rad8 17. c5 Bxe5 18. Qxe5 Qxe5 19. Rxe5 Ng6 20. Ree1 Nf4
21. Bc4 Rd7 22. g3 Nd5 23. a3 Red8 24. f3 Ne7 25. b4 Nf5 26. Re4 Kf8 27. Kf2 b5
28. Bb3 Ra8 29. Bc3 Ne7 30. g4 Nd5 31. Be1 Rad8 32. Bxd5 exd5 33. Re2 Re8 34.
Rxe8+ Kxe8 35. Bd2 f6 36. Bf4 Kf7 37. Bd6 Bc8 38. Ra1 a6 39. h4 Rb7 40. a4 bxa4
41. Rxa4 Rb5 42. h5 g6 43. hxg6+ hxg6 44. Kg3 g5 45. Kf2 Kg6 46. Ke3 Rb7 47.
Rxa6 Re7+ 48. Bxe7 Bxa6 49. Kf2 Kf7 50. Bd6 Ke6 51. f4 gxf4 52. Kf3 Bd3 53.
Kxf4 Be2 54. Bc7 Kd7 55. Bb6 Ke6 56. Bd8 Bd3 57. Ke3 Bb5 58. Kf4 Be2 59. Kg3
Kf7 1/2-1/2

[Event "Open Hradec Kralove 2018"]
[Site "Hradec Kralove"]
[Date "2018.10.02"]
[Round "3"]
[White "Clark, Robert G"]
[Black "Cerveny, Martin"]
[Result "0-1"]
[WhiteElo "2025"]
[BlackElo "2329"]
[PlyCount "78"]
[EventDate "2018.09.30"]

1. c4 Nf6 2. g3 c6 3. Bg2 d5 4. Nf3 dxc4 5. O-O Nbd7 6. Qc2 Nb6 7. a4 a5 8. Ne5
Qd4 9. Qc3 Qxc3 10. dxc3 Nfd7 11. Be3 Nxe5 12. Bxb6 Be6 13. Rd1 Nd7 14. Bc7 g6
15. Nd2 Bg7 16. Nf3 Nc5 17. Ng5 Bd7 18. Bb6 Nb3 19. Rab1 f5 20. e4 Bf6 21. h4
Bxg5 22. hxg5 Be6 23. f4 Kf7 24. Kf2 Ra6 25. Bd4 Nxd4 26. Rxd4 b5 27. Ra1 Rb8
28. Bf1 Ra7 29. axb5 cxb5 30. e5 a4 31. Ke3 h5 32. Be2 Rh8 33. Bf3 h4 34. Rh1
h3 35. Bc6 a3 36. bxa3 Rxa3 37. Bxb5 Rxc3+ 38. Kd2 Rxg3 39. Bxc4 h2 0-1

[Event "Open Hradec Kralove 2018"]
[Site "Hradec Kralove"]
[Date "2018.10.02"]
[Round "3"]
[White "Neckar, Lubomir"]
[Black "Kaplan, Daniel"]
[Result "1-0"]
[WhiteElo "2281"]
[BlackElo "2017"]
[PlyCount "81"]
[EventDate "2018.09.30"]

1. Nf3 f5 2. d4 Nf6 3. g3 e6 4. Bg2 c6 5. O-O Be7 6. c4 d5 7. b3 O-O 8. Ba3 Ne4
9. Qc1 Nd7 10. Nbd2 Bxa3 11. Qxa3 Nxd2 12. Nxd2 f4 13. e3 fxg3 14. fxg3 Nf6 15.
Nf3 Re8 16. Ne5 Qe7 17. Qb2 Bd7 18. Rf4 b5 19. c5 Rf8 20. Raf1 g5 21. Rxf6 Rxf6
22. Rxf6 Qxf6 23. Nxd7 Qf5 24. Qf2 Qxf2+ 25. Kxf2 Rc8 26. e4 Kf7 27. Ke3 Rc7
28. Ne5+ Kf6 29. Bf3 a5 30. a3 b4 31. axb4 axb4 32. Bh5 Rc8 33. exd5 cxd5 34.
Be2 Ke7 35. Bb5 Kf6 36. Nc6 h5 37. Ba4 h4 38. Nxb4 e5 39. Bd7 exd4+ 40. Kxd4
hxg3 41. hxg3 1-0

[Event "Open Hradec Kralove 2018"]
[Site "Hradec Kralove"]
[Date "2018.10.02"]
[Round "3"]
[White "Malinovsky, Petr"]
[Black "Jirasek, Pavel"]
[Result "1/2-1/2"]
[WhiteElo "2014"]
[BlackElo "2249"]
[PlyCount "49"]
[EventDate "2018.09.30"]

1. d4 Nf6 2. c4 e6 3. Nc3 Bb4 4. e3 b6 5. Nge2 Ba6 6. a3 Bxc3+ 7. Nxc3 d5 8. b3
O-O 9. Bd3 dxc4 10. bxc4 c5 11. O-O Nc6 12. Ne2 cxd4 13. exd4 Na5 14. Bg5 Bxc4
15. Bc2 Qd5 16. Bxf6 gxf6 17. Re1 Bxe2 18. Qxe2 Rad8 19. Rad1 Nc6 20. Be4 Nxd4
21. Qe3 Qc5 22. Qh6 f5 23. Qg5+ Kh8 24. Qf6+ Kg8 25. Qg5+ 1/2-1/2

[Event "Open Hradec Kralove 2018"]
[Site "Hradec Kralove"]
[Date "2018.10.02"]
[Round "3"]
[White "Toman, Jaroslav"]
[Black "Kolesnikova, Kristina"]
[Result "0-1"]
[WhiteElo "2232"]
[BlackElo "2008"]
[PlyCount "58"]
[EventDate "2018.09.30"]

1. e4 e5 2. Nf3 Nc6 3. Bb5 a6 4. Ba4 Nf6 5. O-O Be7 6. Re1 b5 7. Bb3 O-O 8. h3
d5 9. exd5 Nxd5 10. Nxe5 Nxe5 11. Rxe5 Nb6 12. d3 c5 13. c3 Bd6 14. Re1 Bb8 15.
Nd2 Qxd3 16. Bc2 Qd6 17. Nf3 Bb7 18. Qxd6 Bxd6 19. Ng5 h6 20. Ne4 Rfe8 21. Kf1
Bf8 22. b3 f5 23. Ng3 Bxg2+ 24. Kxg2 Rxe1 25. Bxf5 Rd8 26. Bc2 Nd5 27. Ne4 Nf4+
28. Kh2 Nd3 29. Bb2 Rxe4 0-1

[Event "Open Hradec Kralove 2018"]
[Site "Hradec Kralove"]
[Date "2018.10.02"]
[Round "3"]
[White "Gokhale, Anupama"]
[Black "Piankov, Evgenij"]
[Result "0-1"]
[WhiteElo "1964"]
[BlackElo "2218"]
[PlyCount "122"]
[EventDate "2018.09.30"]

1. d4 Nf6 2. c4 g6 3. g3 Bg7 4. Bg2 c6 5. Nf3 O-O 6. O-O d5 7. Nbd2 Bf5 8. b3
Ne4 9. Bb2 Qa5 10. Nxe4 Bxe4 11. Qd2 Qxd2 12. Nxd2 Bxg2 13. Kxg2 dxc4 14. Nxc4
Rd8 15. Rad1 Nd7 16. Na5 Rab8 17. Bc1 Re8 18. d5 cxd5 19. Rxd5 Nb6 20. Rd3 Rec8
21. Rfd1 Be5 22. Be3 Kf8 23. g4 Ke8 24. h3 Rc2 25. R1d2 Rxd2 26. Bxd2 Bd6 27.
e4 Nd7 28. Nc4 Bc7 29. Be3 b5 30. Nd2 Bb6 31. Bxb6 Rxb6 32. b4 Rc6 33. a3 h6
34. Nf3 Rc4 35. Nd2 Rc2 36. Nf3 a6 37. h4 Nf6 38. g5 hxg5 39. Nxg5 Ng4 40. Rf3
Ne5 41. Rh3 Ra2 42. h5 gxh5 43. Rxh5 Ng6 44. Rh7 f6 45. Ne6 Rxa3 46. f4 Kd7 47.
f5 Ne5 48. Nc5+ Kd8 49. Ne6+ Ke8 50. Nc7+ Kd7 51. Nd5 Nc6 52. Nxf6+ Kd6 53. Nd5
Ke5 54. Nxe7 Nxb4 55. Rh6 Nd3 56. Re6+ Kd4 57. Nd5 Nc5 58. Re8 Nxe4 59. f6 Rg3+
60. Kh2 Rf3 61. Rd8 Kc5 0-1

[Event "Open Hradec Kralove 2018"]
[Site "Hradec Kralove"]
[Date "2018.10.02"]
[Round "3"]
[White "Bartos, Jan"]
[Black "Fischer, Erik"]
[Result "1-0"]
[WhiteElo "2216"]
[BlackElo "1947"]
[PlyCount "59"]
[EventDate "2018.09.30"]

1. d4 Nf6 2. c4 c5 3. d5 e6 4. Nc3 exd5 5. cxd5 d6 6. e4 g6 7. Bd3 Bg7 8. h3
O-O 9. Nf3 Nbd7 10. O-O Nh5 11. Bg5 Bf6 12. Be3 Ng7 13. Qd2 a6 14. a4 Qc7 15.
a5 Re8 16. Na4 b5 17. axb6 Nxb6 18. Nxb6 Qxb6 19. Ra2 Rb8 20. Rb1 Qb3 21. Ra3
Qb4 22. Qc2 Bd8 23. Nd2 Bc7 24. Ra4 Qb6 25. b4 Qa7 26. bxc5 Rxb1+ 27. Nxb1 dxc5
28. Qxc5 Qxc5 29. Bxc5 Bb7 30. d6 1-0

[Event "Open Hradec Kralove 2018"]
[Site "Hradec Kralove"]
[Date "2018.10.02"]
[Round "3"]
[White "Seemann, Jakub"]
[Black "Hoerr, Matthias"]
[Result "1/2-1/2"]
[WhiteElo "1789"]
[BlackElo "2208"]
[PlyCount "83"]
[EventDate "2018.09.30"]

1. e4 c5 2. Nf3 e6 3. d4 cxd4 4. Nxd4 Nc6 5. Nc3 Qc7 6. Be2 Nf6 7. Be3 Be7 8.
O-O O-O 9. f4 d6 10. Qe1 Nxd4 11. Bxd4 e5 12. Be3 b6 13. Qg3 Bb7 14. f5 Kh8 15.
Bf3 Rfd8 16. Rad1 Qc4 17. Bg5 Rac8 18. Bxf6 Bxf6 19. a3 b5 20. Be2 Qc5+ 21. Qf2
a6 22. Rd3 b4 23. Qxc5 dxc5 24. Nd5 Bxd5 25. Rxd5 Rxd5 26. exd5 e4 27. Bxa6 Ra8
28. Bb7 Ra7 29. Bc6 Bxb2 30. axb4 Bd4+ 31. Kh1 e3 32. Bb5 cxb4 33. d6 Ra1 34.
Rxa1 Bxa1 35. d7 Bf6 36. g4 Kg8 37. Kg2 Kf8 38. Kf3 Bg5 39. Kg3 Ke7 40. h4 Bf6
41. Kf3 Bxh4 42. Kxe3 1/2-1/2

[Event "Open Hradec Kralove 2018"]
[Site "Hradec Kralove"]
[Date "2018.10.02"]
[Round "3"]
[White "Zaehringer, Daniel"]
[Black "Majerik, Vladimir"]
[Result "1-0"]
[WhiteElo "2110"]
[BlackElo "1847"]
[EventDate "2018.09.30"]
[PlyCount "97"]

1.d4 c6 2.c4 Nf6 3.Nc3 d5 4.cxd5 cxd5 5.Bf4 Nc6 6.e3 Bf5 7.Qb3 Qb6 8.Qxb6 
axb6 9.Bc7 Nb4 10.Kd2 e6 11.Bxb6 Be7 12.Bb5+ Nc6 13.Bc7 O-O 14.f3 Rfc8 15.
Bg3 Na5 16.Nge2 Nc4+ 17.Bxc4 Rxc4 18.Rac1 Rac8 19.a3 Nd7 20.Nf4 Nb6 21.b3 
R4c6 22.Nd3 Nd7 23.Ne2 Rxc1 24.Nexc1 Ra8 25.a4 Rc8 26.Ne2 Nb8 27.Rc1 Rxc1 
28.Nexc1 Nc6 29.Kc3 Kf8 30.b4 Ke8 31.Bc7 Kd7 32.Bb6 Bd6 33.b5 Ne7 34.g3 f6
35.a5 Nc8 36.Nc5+ Bxc5 37.dxc5 e5 38.Nb3 Be6 39.Kb4 Bf7 40.a6 bxa6 41.bxa6
d4 42.exd4 Bd5 43.dxe5 fxe5 44.f4 exf4 45.gxf4 Ne7 46.Nd4 Nc6+ 47.Kc3 Nxd4
48.Kxd4 Ke6 49.f5+ 1-0

[Event "Open Hradec Kralove 2018"]
[Site "Hradec Kralove"]
[Date "2018.10.02"]
[Round "3"]
[White "Gloser, David"]
[Black "Bartos, Karel"]
[Result "1-0"]
[WhiteElo "1940"]
[BlackElo "1843"]
[PlyCount "59"]
[EventDate "2018.09.30"]

1. e4 d5 2. exd5 Qxd5 3. Nc3 Qa5 4. d4 Nf6 5. Nf3 c6 6. Bd2 Bf5 7. Bc4 e6 8.
Nd5 Qd8 9. Nxf6+ gxf6 10. O-O Nd7 11. Nh4 Bg6 12. Re1 Qc7 13. Qf3 O-O-O 14. c3
Bd6 15. g3 Qa5 16. b4 Qh5 17. Qg2 Bf5 18. b5 c5 19. a4 Nb6 20. Be2 Bg4 21. f3
Bf5 22. a5 Nd5 23. f4 Bg4 24. c4 Bxe2 25. Rxe2 Nxf4 26. Bxf4 Bxf4 27. a6 Rd7
28. axb7+ Rxb7 29. b6 Kb8 30. bxa7+ 1-0

[Event "Open Hradec Kralove 2018"]
[Site "Hradec Kralove"]
[Date "2018.10.02"]
[Round "3"]
[White "Landsmannova, Marie"]
[Black "Ret, Adam Josef"]
[Result "0-1"]
[WhiteElo "1251"]
[BlackElo "1859"]
[EventDate "2018.09.30"]
[PlyCount "62"]

1.e4 c5 2.Nf3 d6 3.Nc3 Nf6 4.d4 cxd4 5.Nxd4 a6 6.Nf3 Nc6 7.Bg5 e5 8.Nd5 
Be7 9.Nxe7 Qxe7 10.Bd3 O-O 11.O-O Bg4 12.c3 h6 13.Be3 Rfd8 14.Qe2 d5 15.
Bb6 Re8 16.Qe3 dxe4 17.Bxe4 Nxe4 18.Qxe4 f5 19.Qc4+ Kh7 20.Nd2 Qf6 21.h3 
Bh5 22.Rfe1 Rac8 23.Qb3 e4 24.Nc4 Bf7 25.Qa4 Bxc4 26.Qxc4 Ne5 27.Qb3 Qg6 
28.Kf1 Nd3 29.Re3 f4 30.Rxd3 exd3 31.Rd1 Qe4 0-1

[Event "Open Hradec Kralove 2018"]
[Site "Hradec Kralove"]
[Date "2018.10.02"]
[Round "3"]
[White "Skorna, Ullrich"]
[Black "Vochozka, Jindrich"]
[Result "1-0"]
[WhiteElo "2090"]
[BlackElo "1795"]
[PlyCount "41"]
[EventDate "2018.09.30"]

1. e4 e6 2. d4 d5 3. Nc3 dxe4 4. Nxe4 Nd7 5. Nf3 Be7 6. c3 Ngf6 7. Nxf6+ Nxf6
8. Ne5 O-O 9. Be3 Nd5 10. Bd3 Nxe3 11. fxe3 Bh4+ 12. g3 Bf6 13. Ng4 e5 14. O-O
Bxg4 15. Qxg4 g6 16. Rf2 Bg7 17. Bc4 exd4 18. exd4 Qe7 19. Raf1 Qe3 20. Kg2 h5
21. Qxg6 1-0

[Event "Open Hradec Kralove 2018"]
[Site "Hradec Kralove"]
[Date "2018.10.02"]
[Round "3"]
[White "Svoboda, Frantisek"]
[Black "Kraus, Ondrej"]
[Result "0-1"]
[WhiteElo "1760"]
[BlackElo "1943"]
[EventDate "2018.09.30"]
[PlyCount "70"]

1.e4 c5 2.Nf3 e6 3.d4 cxd4 4.Nxd4 a6 5.Nc3 Bc5 6.Be3 Qc7 7.Qd2 Ne7 8.Be2 
b5 9.a3 d6 10.O-O Nbc6 11.Rfd1 O-O 12.Nxc6 Nxc6 13.b4 Bxe3 14.Qxe3 Bb7 15.
f4 Rac8 16.Rd2 Nxb4 17.axb4 Qxc3 18.Qxc3 Rxc3 19.Bd3 Rfc8 20.Kf2 Kf8 21.
Ke3 R8c4 22.Kf2 Rxb4 23.Re2 Rb2 24.Ke3 b4 25.Kd2 Ra3 26.Rxa3 bxa3 27.Kc3 
Rb1 28.Bc4 d5 29.Ba2 Ra1 30.exd5 Rxa2 31.d6 Ra1 32.Rd2 Bd5 33.Kd4 Rc1 34.
c3 a2 35.Rb2 Ke8 0-1

[Event "Open Hradec Kralove 2018"]
[Site "Hradec Kralove"]
[Date "2018.10.02"]
[Round "3"]
[White "Kudr, Roman"]
[Black "Pawicka, Magdalena"]
[Result "1-0"]
[WhiteElo "1909"]
[BlackElo "1739"]
[EventDate "2018.09.30"]
[PlyCount "74"]

1.d4 Nf6 2.c4 e6 3.g3 d5 4.Nf3 Be7 5.Bg2 O-O 6.Nbd2 b6 7.O-O Bb7 8.b3 Nbd7
9.Bb2 c5 10.e3 Rc8 11.Rc1 Re8 12.Re1 Bd6 13.Ne5 Qc7 14.Nxd7 Qxd7 15.dxc5 
bxc5 16.Bxf6 gxf6 17.Qg4+ Kh8 18.cxd5 f5 19.dxe6 fxe6 20.Qh3 Bxg2 21.Qxg2 
Bxg3 22.fxg3 Rcd8 23.Nc4 e5 24.Qc2 e4 25.Rcd1 Qe7 26.Rxd8 Rxd8 27.Rd1 
Rxd1+ 28.Qxd1 Qg5 29.Qa1+ Kg8 30.Qe5 Qg4 31.Qf4 Qd1+ 32.Qf1 Qc2 33.Qxf5 
Qxa2 34.Qe6+ Kg7 35.Nd6 Qb1+ 36.Kg2 Qc2+ 37.Kh3 1-0

[Event "Open Hradec Kralove 2018"]
[Site "Hradec Kralove"]
[Date "2018.10.02"]
[Round "3"]
[White "Moeckel, Jens"]
[Black "Vitova, Anna"]
[Result "1/2-1/2"]
[WhiteElo "1882"]
[BlackElo "1734"]
[PlyCount "85"]
[EventDate "2018.09.30"]

1. d4 Nf6 2. c4 e6 3. Nf3 Bb4+ 4. Bd2 Qe7 5. Nc3 Bxc3 6. Bxc3 Ne4 7. Nd2 Nxc3
8. bxc3 O-O 9. e4 d6 10. Bd3 e5 11. O-O Nc6 12. d5 Nb8 13. Qh5 a5 14. c5 dxc5
15. f4 Nd7 16. f5 Rd8 17. c4 Ra6 18. Qg4 Rh6 19. Nf3 Nf6 20. Qg3 Re8 21. Qe1 b6
22. Bc2 Bd7 23. Rd1 Qd6 24. Rd2 b5 25. g4 Nxg4 26. Rg2 Nf6 27. Qxa5 b4 28. a3
bxa3 29. Rb1 Nh5 30. Qxa3 Nf4 31. Rd2 Rh3 32. Rb3 Qh6 33. Rf2 Qd6 34. Qa7 g6
35. Rb8 Rxb8 36. Qxb8+ Kg7 37. Qd8 f6 38. Bd1 gxf5 39. Nd2 Rd3 40. Rxf4 exf4
41. e5 fxe5 42. Bh5 Rxd2 43. Qg5+ 1/2-1/2

[Event "Open Hradec Kralove 2018"]
[Site "Hradec Kralove"]
[Date "2018.10.02"]
[Round "3"]
[White "Mehdi, Billal"]
[Black "Tsapanidis, Vasilis"]
[Result "1/2-1/2"]
[WhiteElo "1285"]
[BlackElo "1856"]
[PlyCount "107"]
[EventDate "2018.09.30"]

1. e4 e6 2. Nc3 d5 3. exd5 exd5 4. d4 g6 5. h3 Bg7 6. Nf3 Ne7 7. Bd3 O-O 8. O-O
Re8 9. Be3 Nf5 10. Bxf5 Bxf5 11. Qd2 c6 12. Rac1 f6 13. Bf4 Nd7 14. Rfe1 Nf8
15. Rxe8 Qxe8 16. Re1 Qd7 17. Qe2 Kf7 18. Nd1 Ne6 19. Bg3 Bh6 20. c3 Re8 21.
Ne3 Nf4 22. Qd1 Be6 23. Nc2 Nh5 24. Bh2 a6 25. a3 Nf4 26. Ne3 Qd8 27. Qc2 Qb6
28. c4 Qa5 29. Qb3 Re7 30. c5 Qd8 31. Qd1 Qe8 32. b4 Bc8 33. Qb3 Re4 34. Qc3
Ne6 35. Nc2 Rxe1+ 36. Qxe1 Nf4 37. Qxe8+ Kxe8 38. Kf1 Bf5 39. Ne3 Bd3+ 40. Ke1
Be4 41. Kd2 Bxf3 42. Bxf4 Bxf4 43. gxf3 h5 44. Kd3 Kf7 45. Ng2 Bc1 46. a4 Ke6
47. Ne3 Bxe3 48. fxe3 Kf5 49. Ke2 g5 50. Kf2 h4 51. Ke2 Kg6 52. e4 dxe4 53.
fxe4 f5 54. e5 1/2-1/2

[Event "Open Hradec Kralove 2018"]
[Site "Hradec Kralove"]
[Date "2018.10.02"]
[Round "3"]
[White "Berger, Volkmar"]
[Black "Kutek, Jiri"]
[Result "1-0"]
[WhiteElo "1738"]
[BlackElo "1495"]
[PlyCount "67"]
[EventDate "2018.09.30"]

1. d4 d5 2. Nf3 Bf5 3. e3 e6 4. g3 c5 5. Nbd2 Nc6 6. Nh4 Bg6 7. Nxg6 hxg6 8.
dxc5 Bxc5 9. Nb3 Bd6 10. Bb5 Rc8 11. Qd4 Ke7 12. Bxc6 Rxc6 13. c3 b6 14. e4 Rc4
15. Qxg7 Rxe4+ 16. Kd1 Be5 17. Bg5+ Nf6 18. f4 Rg8 19. fxe5 Rxg7 20. exf6+ Kd7
21. fxg7 Qxg5 22. g8=Q Qg4+ 23. Kc2 Re2+ 24. Nd2 Qe4+ 25. Kb3 Rxd2 26. Qxf7+
Kc6 27. Qe8+ Kc5 28. Qc8+ Kb5 29. a4+ Ka5 30. Rhc1 Rxh2 31. Qc6 a6 32. c4 Qd3+
33. Rc3 Qe2 34. Qb5+ 1-0

[Event "Open Hradec Kralove 2018"]
[Site "Hradec Kralove"]
[Date "2018.10.02"]
[Round "3"]
[White "Vacek, Jaroslav"]
[Black "Svec, Ludek"]
[Result "1-0"]
[WhiteElo "1661"]
[BlackElo "1537"]
[PlyCount "56"]
[EventDate "2018.09.30"]

1. e4 c5 2. Nf3 e6 3. d4 cxd4 4. Nxd4 Nf6 5. Bd3 Nc6 6. Nxc6 bxc6 7. O-O e5 8.
Nc3 Bc5 9. Na4 Be7 10. Be3 O-O 11. c4 d6 12. f3 Be6 13. Nc3 a5 14. Qc2 Qc7 15.
Rad1 Rfd8 16. Na4 Rdb8 17. b3 Bd7 18. Qf2 c5 19. Nc3 Bc6 20. Nd5 Nxd5 21. exd5
Bd7 22. f4 exf4 23. Qxf4 Bf6 24. Qe4 Be5 25. Qxh7+ Kf8 26. Qh8+ Ke7 27. Bg5+
Bf6 28. Bxf6+ gxf6 1-0

[Event "Open Hradec Kralove 2018"]
[Site "Hradec Kralove"]
[Date "2018.10.02"]
[Round "4"]
[White "Cerveny, Martin"]
[Black "Bartos, Jan"]
[Result "1/2-1/2"]
[WhiteElo "2329"]
[BlackElo "2216"]
[EventDate "2018.09.30"]
[PlyCount "156"]

1.d4 Nf6 2.Nf3 e6 3.c4 d5 4.Nc3 dxc4 5.e3 a6 6.Bxc4 b5 7.Bd3 Bb7 8.Qc2 
Nbd7 9.a4 b4 10.Ne4 Rc8 11.Nxf6+ Nxf6 12.Qe2 a5 13.e4 Be7 14.Bg5 O-O 15.
Rc1 c5 16.dxc5 Nd7 17.Be3 Bxc5 18.O-O Qb6 19.Bf4 Be7 20.Nd2 e5 21.Be3 Bc5 
22.Nb3 Bxe3 23.Qxe3 Qxe3 24.fxe3 Ba8 25.Nxa5 Nc5 26.Bc4 Bxe4 27.Rxf7 Rxf7 
28.Bxf7+ Kxf7 29.Nb3 Nxb3 30.Rxc8 Na5 31.Rc5 Nc6 32.a5 Ke6 33.a6 Kd6 34.
Rb5 Bd3 35.a7 Nxa7 36.Rxb4 Nb5 37.Kf2 Kc5 38.Ra4 Nd6 39.Ra7 g5 40.Rc7+ Kd5
41.b4 h5 42.Rd7 Kc6 43.Rd8 Kc7 44.Rg8 Kc6 45.Ke1 Ne4 46.g3 Kd5 47.Rd8+ Kc4
48.b5 Nc5 49.b6 Be4 50.Re8 Bf3 51.Kd2 Kb5 52.Rxe5 Kxb6 53.Kc2 Ne4 54.Kd3 
Nf2+ 55.Kd4 Ng4 56.Rxg5 Nxh2 57.e4 Bg4 58.Rg6+ Kc7 59.Ke5 Nf3+ 60.Kf6 Kd6 
61.Rg8 Ne5 62.Re8 Nd7+ 63.Kg5 Nc5 64.Kf4 Ne6+ 65.Ke3 Ke5 66.Ra8 Kf6 67.Ra5
Kg6 68.Kd3 Kf6 69.Ke3 Ng5 70.Kd4 Nf3+ 71.Kd5 Be6+ 72.Kd6 Bg4 73.e5+ Kf7 
74.Ra7+ Kg6 75.Ra4 Ng5 76.Rf4 Bf5 77.Ke7 Ne4 78.Rf3 Kg5 1/2-1/2

[Event "Open Hradec Kralove 2018"]
[Site "Hradec Kralove"]
[Date "2018.10.02"]
[Round "4"]
[White "Kolesnikova, Kristina"]
[Black "Neckar, Lubomir"]
[Result "0-1"]
[WhiteElo "2008"]
[BlackElo "2281"]
[EventDate "2018.09.30"]
[PlyCount "74"]

1.e4 Nf6 2.e5 Nd5 3.d4 d6 4.c4 Nb6 5.exd6 cxd6 6.Nc3 g6 7.Be3 Bg7 8.Qd2 
Nc6 9.b3 O-O 10.Nge2 e5 11.d5 Ne7 12.Bh6 Bxh6 13.Qxh6 Nf5 14.Qd2 Nd7 15.
Ne4 Nf6 16.N4g3 Qe7 17.Nxf5 Bxf5 18.Ng3 Bd7 19.Be2 Ne8 20.O-O f5 21.f4 e4 
22.b4 b6 23.Rac1 Qf6 24.Bd1 a5 25.a3 axb4 26.axb4 Ra3 27.Ne2 Nc7 28.Rb1 
Rd3 29.Qc1 b5 30.Bc2 bxc4 31.Bxd3 exd3 32.Nc3 Qd4+ 33.Kh1 Nb5 34.Nxb5 Bxb5
35.Qe1 Re8 36.Qh4 d2 37.g4 c3 0-1

[Event "Open Hradec Kralove 2018"]
[Site "Hradec Kralove"]
[Date "2018.10.02"]
[Round "4"]
[White "Piankov, Evgenij"]
[Black "Zaehringer, Daniel"]
[Result "1-0"]
[WhiteElo "2218"]
[BlackElo "2110"]
[EventDate "2018.09.30"]
[PlyCount "109"]

1.Nf3 d5 2.g3 Nf6 3.Bg2 e6 4.O-O Be7 5.d4 O-O 6.c4 dxc4 7.Qa4 a6 8.Qxc4 b5
9.Qc2 Bb7 10.a4 Nbd7 11.axb5 axb5 12.Rxa8 Bxa8 13.Nc3 b4 14.Na4 Be4 15.Qb3
Bd5 16.Qd1 c5 17.dxc5 Nxc5 18.Nxc5 Bxc5 19.Ne5 Bxg2 20.Qxd8 Rxd8 21.Kxg2 
Rc8 22.Nd3 Be7 23.Bf4 Nd5 24.Ra1 Nxf4+ 25.gxf4 g6 26.Kf3 Kg7 27.Ra7 Kf8 
28.Ra1 Rc2 29.Rc1 Rxc1 30.Nxc1 Bf6 31.b3 Ke7 32.Na2 Kd6 33.Nxb4 Bd4 34.e3 
Bb6 35.Ke4 f5+ 36.Kd3 e5 37.fxe5+ Kxe5 38.f3 g5 39.Nc2 h5 40.Na3 Bc7 41.
Nb5 Bb6 42.Nc3 g4 43.Ke2 h4 44.Nd1 Kd5 45.e4+ Ke5 46.exf5 gxf3+ 47.Kxf3 
Kxf5 48.Ne3+ Ke6 49.h3 Bd8 50.Kg4 Ke5 51.Nf5 Kd5 52.Nxh4 Kc5 53.Nf3 Kb4 
54.Ng5 Kxb3 55.Kf5 1-0

[Event "Open Hradec Kralove 2018"]
[Site "Hradec Kralove"]
[Date "2018.10.02"]
[Round "4"]
[White "Ret, Adam Josef"]
[Black "Plischki, Sebastian"]
[Result "0-1"]
[WhiteElo "1859"]
[BlackElo "2430"]
[EventDate "2018.09.30"]
[PlyCount "104"]

1.d4 Nf6 2.c4 g6 3.Nc3 Bg7 4.Nf3 O-O 5.g3 d6 6.Bg2 c6 7.O-O Bf5 8.Nh4 Be6 
9.d5 cxd5 10.Nxd5 Bxd5 11.Bxd5 Nxd5 12.cxd5 Nd7 13.Be3 Qa5 14.Qb3 Qa6 15.
Rac1 Rfc8 16.Rfe1 Nb6 17.Rcd1 Qc4 18.Bxb6 Qxb3 19.axb3 axb6 20.Rd2 Rc5 21.
Nf3 Rb5 22.Rc1 Rxb3 23.Rc7 Bf6 24.Rxb7 Ra2 25.Nd4 Rbxb2 26.Rxb2 Rxb2 27.
Nc6 Rxe2 28.Rxb6 Rd2 29.Rb7 Kf8 30.Rb8+ Kg7 31.Rb7 Rxd5 32.Nxe7 Rc5 33.Rd7
Kf8 34.Nxg6+ hxg6 35.Rxd6 Ke7 36.Rd2 Rb5 37.Kg2 Rb2 38.Rxb2 Bxb2 39.Kh3 f5
40.f4 Bf6 41.g4 Ke6 42.Kg3 Kd5 43.h4 Ke4 44.h5 g5 45.fxg5 f4+ 46.Kh4 f3 
47.gxf6 f2 48.Kg5 f1=Q 49.Kg6 Ke5 50.g5 Qf5+ 51.Kh6 Ke6 52.g6 Kxf6 0-1

[Event "Open Hradec Kralove 2018"]
[Site "Hradec Kralove"]
[Date "2018.10.02"]
[Round "4"]
[White "Jirasek, Pavel"]
[Black "Gloser, David"]
[Result "0-1"]
[WhiteElo "2249"]
[BlackElo "1940"]
[EventDate "2018.09.30"]
[PlyCount "54"]

1.e4 c6 2.d4 g6 3.Nc3 Bg7 4.f4 d5 5.e5 h5 6.Be3 Nh6 7.Nf3 Bg4 8.Bf2 Nf5 9.
Qd3 Bxf3 10.Qxf3 e6 11.g3 Nd7 12.O-O-O b5 13.h3 Qa5 14.Kb1 Nb6 15.g4 Ne7 
16.Be1 b4 17.Ne2 hxg4 18.hxg4 Rxh1 19.Qxh1 Nc4 20.a3 Qb6 21.axb4 a5 22.b3 
axb4 23.bxc4 dxc4 24.Kb2 Qa5 25.Qh3 c3+ 26.Bxc3 Qa3+ 27.Kb1 bxc3 0-1